Top Brand/Company in Each US State - Statistics

General Stats
  • This quiz has been taken 8 times
  • The average score is 3 of 50
Answer Stats
US State Brand % Correct
Florida Burger King
38%
Michigan General Motors
38%
Hawaii Toyota
38%
Washington Boeing
25%
Oklahoma Chevrolet
25%
Ohio Honda
25%
Arizona KFC
25%
Oregon Mobil
25%
Wyoming Dodge
13%
West Virginia Jeep
13%
South Carolina Kia
13%
Wisconsin Kraft
13%
California Samsung
13%
Idaho Taco Bell
13%
Vermont Volvo
13%
Illinois Walgreens
13%
Louisana Aero
0%
Tenessee Avon
0%
Alaska Baileys
0%
Massachussets Beefeater
0%
Maine Bigelow
0%
Missouri Bud Light
0%
Colorado Budweiser
0%
Mississippi Castrol
0%
Iowa Caterpillar
0%
North Carolina Coach
0%
South Dakota Discovery Channel
0%
Nebraska Doritos
0%
Rhode Island Dunkin Donuts
0%
New Hampshire Duracell
0%
Arkansas Gap
0%
Indiana Gatorade
0%
Kentucky Grey Goose
0%
Georgia Gucci
0%
New Jersey Guess
0%
Delaware Hollister
0%
New Mexico Hummer
0%
Maryland Ikea
0%
Minnesota Johnson and Johnson
0%
Nevada Lamborghini
0%
Texas Levi's
0%
Utah Nintendo
0%
Connecticut Pfizer
0%
Virginia Playboy
0%
Montana Prilosec
0%
Kansas Pringles
0%
Pennsylvania Tampax
0%
New York Time
0%
North Dakota Tootsie
0%
Alabama Zyrtek
0%
No matching quizzes found
Score Distribution
Percent of People with Each Score
Percentile by Number Answered
Your Score History
You have not taken this quiz